Prílev a odlev priamych zahraničných investícií zo SR diplomová práca

Uložené v:
Podrobná bibliografia
Hlavný autor: Šimková, Mária
Korporativný autor: Obchodná fakulta EU. Katedra medzinárodného obchodu
Ďalší autori: Ferenčíková, Soňa, 1960-
Médium: Kniha
Jazyk:Slovak
Vydavateľské údaje: Bratislava 2011
Tagy: Pridať tag
Žiadne tagy, Buďte prvý, kto otaguje tento záznam!

MARC

LEADER 00000nam a2200000 4500
001 0148118
005 20240318124818.9
041 0 |a slo 
044 |a SK 
245 1 0 |a Prílev a odlev priamych zahraničných investícií zo SR  |b diplomová práca  |c Mária Šimková ; školiteľ: Soňa Ferenčíková 
264 1 |a Bratislava  |c 2011 
300 |a 110 s. 
100 1 |a Šimková, Mária 
700 1 |a Ferenčíková, Soňa, 1960- 
710 2 |a Obchodná fakulta EU. Katedra medzinárodného obchodu